|
|
แสดงรายละเอียดบรรณานุกรม |
|
|
Brief Record
: Get Marc (ISO 2709)
: E-mail record
: |
|
|
|
| LEADER 00000nam 2200000uu 4500 | |||
| 001 209741 | |||
| 003 ULIBM | |||
| 008 140506s2556||||th 000 0 tha d | |||
| 020 ^a9789746727822 | |||
| 041 0 ^atha^beng | |||
| 060 4 ^aQS4 ก435 2556 | |||
| 245 00 ^aกายวิภาคศาสตร์และนิติมานุษยวิทยาของกระดูกมนุษย์=^bAnatomy and forensic anthropology of the human bone/^cบรรณาธิการ,ผาสุก มหรรฆานุเคราะห์. | |||
| 246 31 ^aAnatomy and forensic anthropology of the human bone | |||
| 250 ^aพิมพ์ครั้งที่ 2 | |||
| 260 ^aเชียงใหม่ : ^bคณะแพทยศาสตร์ มหาวิทยาลัยเชียงใหม่,^c2556. | |||
| 300 ^a220 หน้า ;^bภาพประกอบ. | |||
| 650 0 ^aAnatomy | |||
| 650 0 ^aForensic anthropology | |||
| 650 4 ^aกายวิภาคศาสตร์ | |||
| 650 4 ^aสรีรวิทยา | |||
| 700 0 ^aผาสุก มหรรฆานุเคราะห์,^eบรรณาธิการ | |||
| 710 2 ^aมหาวิทยาลัยเชียงใหม่. คณะแพทยศาสตร์ | |||
| 999 ^aใช้งานได้ทุกระบบ | |||
| คุณยังไม่ได้ล็อกอิน คุณสามารถมีกิจกรรมร่วมกับเว็บไซต์ได้ แต่ต้องล็อกอินก่อน :: |
|
| สถานะ | |||||||||
| 1. | วิทยาศาสตร์สุขภาพ สถานะ=หนังสือเก่า - บริการ ณ ห้องสมุด (ห้องเหลือง) | QS4 ก435 2556 | On Shelf ขอยืม | ||||||
| Note:ปีงบประมาณ 2557 | |||||||||
| 2. | วิทยาศาสตร์สุขภาพ สถานะ=หนังสือเก่า - บริการ ณ ห้องสมุด (ห้องเหลือง) | QS4 ก435 2556 ฉ.2 | On Shelf ขอยืม | ||||||
| Note:ปีงบประมาณ 2557 | |||||||||
| 3. | วิทยาศาสตร์สุขภาพ สถานะ=หนังสือเก่า - บริการ ณ ห้องสมุด (ห้องเหลือง) | QS4 ก435 2556 ฉ.3 | On Shelf ขอยืม | ||||||
| Note:ปีงบประมาณ 2557 | |||||||||
| 4. | วิทยาศาสตร์สุขภาพ สถานะ=หนังสือเก่า - บริการ ณ ห้องสมุด (ห้องเหลือง) | QS4 ก435 2556 ฉ.4 | On Shelf ขอยืม | ||||||
| Note:ปีงบประมาณ 2557 | |||||||||
| 5. | วิทยาศาสตร์สุขภาพ สถานะ=หนังสือเก่า - บริการ ณ ห้องสมุด (ห้องเหลือง) | QS4 ก435 2556 ฉ.5 | On Shelf ขอยืม | ||||||
| Note:ปีงบประมาณ 2557 | |||||||||
| [แสดง 5/5 รายการ] | |||||||||
BibComment |
| คอมเมนท์ทรัพยากรรายการนี้ |
|
|